| 000 | 00954nam a22002657a 4500 | ||
|---|---|---|---|
| 003 | OSt | ||
| 005 | 20240530110424.0 | ||
| 008 | 150317s2010 ua aol f b 001 0 eng d | ||
| 020 | _a9789774164262 | ||
| 040 |
_aEG-CaGPL _cEG-CaGPL |
||
| 082 | 0 | 4 |
_221 _a726.2 _bCC/D M |
| 100 | 0 | _aDoris Behrens-Abouseif | |
| 245 | 1 | 4 |
_aThe Minarets of Cairo : _bIslamic Architecture from the Arab Conquest to the End of the Ottoman Empire / _cDoris Behrens-Abouseif with contributions by Nicholas Warner Photographs by Bernard O’Kane |
| 260 |
_aCairo : _bThe American University in Cairo Press, _c2010. |
||
| 300 |
_a352 p. : _bcol. ill. ; _c32 cm. |
||
| 504 | _aIncludes bibliographical references and index. | ||
| 650 | 0 | _aIslamic Architecture | |
| 650 | 0 | _aArchitecture | |
| 650 | 0 | _aArts | |
| 650 | 0 |
_aMinarets _zEgypt |
|
| 700 | 1 | _aWarner , Nicholas | |
| 700 | 1 |
_aO’Kane , Bernard _ePhotography |
|
| 942 |
_2ddc _cBK |
||
| 999 |
_c60707 _d60707 |
||